00405nam a2200121Ia 4500008004100000100002200041245003400063245004400097260000900141856004100150999001900191952007300210160531s9999 xx 000 0 und d aKnieper, Gerhard. aNoncompact Harmonic Manifolds cby Gerhard Knieper, Norbert Peyerimhoff c2013 uhttp://arxiv.org/pdf/1302.3841v1.pdf c295126d295126 001040aCLbCLd2016-05-31l0r2016-05-31 00:00:00w2016-05-31yCBE